000 00732nab a22001937a 4500
003 BPK
005 20160216122905.0
008 160216b1980 pl ||||| |||| 00| ||pol
040 _cBPK
080 _a628.4
100 _aEWERTOWSKA-MADEJ, Zofia.
_d1978 - 1996.
_bWyższa Szkoła Inżynierska w Koszalinie - Instytut Inżynierii Środowiska,
_cZakład Biologii i Chemii Sanitarnej
245 _aPrognozowanie fizyko-mechanicznych własności odpadów poflotacyjnych składowanych w zbiornikach osadowych /
_cZofia Ewertowska-Madej.
260 _c1980.
500 _aDane z kartoteki bpp.
650 0 _aOdpady.
650 0 _aSkładowiska odpadów.
773 _iW :
_tCuprum. -
_g1980, nr 4, s. 19-24
942 _cART
_2UKD
999 _c7301
_d7301